Statistics for American Geography General Knowledge #5

Click here to take the quiz!

General Stats

  • This quiz has been taken 128 times
    (88 since last reset)
  • The average score is 4 of 13

Answer Stats

QuestionAnswer% Correct
What Is the Capital of Texas?Austin
96%
What Is the Largest City By Population In the U.S.?New York
76%
Who Wrote the Declaration of Independence?Thomas Jefferson
63%
What Is the Largest City by Population in Florida?Jacksonville, FL
47%
Accordingly to Wikipedia, What Is the Only U.S. State Never to Reach 100 Degrees?Hawaii
33%
From Grant to Taft, Who Is the Only President Who Didn't Have a Mustache?McKinley
16%
What Disney Magic Kingdom "Land" Is Splash Mountain in?Frontierland
14%
Where is Kelloggs Based?Battle Creek, MI
13%
What Words Were on the First American Flag?Don't Tread On Me
7%
What Is the Largest City in the Upper Rockies?Anchorage
5%
In What State Does "Diary of a Wimpy Kid" Author Jeff Kinney Live?Massachusetts
3%
Name the Largest Florida Key, West of Key West.Sunset Key
0%
What Does a Purple Lock on Wikipedia MeanUpload Protected
0%

Score Distribution

Percentile by Number Answered

Percent of People with Each Score

Your Score History

You have not taken this quiz since the last reset